000 00968nam a2200253Ia 4500
999 _c5253
_d5253
003 OSt
005 20200429165342.0
008 191128s2008 ck a gr o000 0 spa d
020 _a9789587340129
040 _aCO-JMCR
_cCO-JMCR
041 0 _aspa
082 0 4 _a324.63 /
_bP761d
_223
110 1 _aColombia.
_bProcuraduría General de la Nación
_92782
245 1 0 _aDiagnóstico y prospectivas del sistema electoral Colombiano /
_cProcuraduría General de la Nación
250 _aPrimera edición
260 _aBogotá :
_bProcuraduría General de la Nación,
_c2008
300 _a148 páginas :
_bilustraciones a blanco y negro ;
_c23 cm.
504 _aBibliografía: páginas 145-147
505 0 _aContexto -- La función de control electoral de la Procuraduría General de la Nación -- Diagnóstico -- Recomendaciones
650 1 4 _aSufragio
_93672
650 1 4 _aPartidos políticos
_93705
650 1 4 _aParticipación electoral
_93706
942 _2ddc
_cBK